Energy policy in contemporary foreign policy of Russian Federation

Pozícia a miesto energetiky v zahraničnej politike Ruska, ich úzka vzájomná previazanosť z hľadiska cieľov, geopolitického smeru pôsobenia, ale predovšetkým z hľadiska nástrojov použitia.

Gespeichert in:
Bibliographische Detailangaben
1. Verfasser: Horemuž, Martin
Format: Buchkapitel
Sprache:Englisch
Schlagworte:
Tags: Tag hinzufügen
Keine Tags, Fügen Sie das erste Tag hinzu!

MARC

LEADER 00000naa a2200000 4500
001 0229785
005 20220714120411.8
041 0 |a eng 
044 |a CZ 
245 1 0 |a Energy policy in contemporary foreign policy of Russian Federation  |c Martin Horemuž 
520 |a Pozícia a miesto energetiky v zahraničnej politike Ruska, ich úzka vzájomná previazanosť z hľadiska cieľov, geopolitického smeru pôsobenia, ale predovšetkým z hľadiska nástrojov použitia. 
610 2 0 |a politika energetická 
610 2 0 |a politika zahraničná 
610 2 0 |a politika bezpečnostná 
610 2 0 |a Rusko 
100 1 |a Horemuž, Martin